| 000 | 004960000a22001930004500 | ||
|---|---|---|---|
| 001 | 000476 | ||
| 003 | MACL | ||
| 005 | 20150704143717.0 | ||
| 008 | 150704b xxu||||| |||| 00| 0 eng d | ||
| 040 |
_aMACL _cMACL |
||
| 041 | _aEnglish | ||
| 082 | _a301 | ||
| 100 |
_aRuhela, SP _9583 |
||
| 245 |
_aSocialogical Perpectives On School Education In India _cSP Ruhela |
||
| 260 |
_aDelhi _c1999 _bIndian Publishers and Distributors |
||
| 350 | _a595 | ||
| 650 |
_aSociology _919 |
||
| 942 |
_k301 _cBK _2ddc |
||
| 999 |
_c478 _d478 |
||